UBT Library

Saunders manual of pediatric practice / (Record no. 42334)

000 -LEADER
fixed length control field 00873cam a22002774a 4500
001 - CONTROL NUMBER
control field 12658483
005 - DATE AND TIME OF LATEST TRANSACTION
control field 20180213033516.0
008 - FIXED-LENGTH DATA ELEMENTS--GENERAL INFORMATION
fixed length control field 020128s2002 paua bf 001 0 eng
010 ## - LIBRARY OF CONGRESS CONTROL NUMBER
LC control number 2002017016
020 ## - INTERNATIONAL STANDARD BOOK NUMBER
International Standard Book Number 0721692427
035 ## - SYSTEM CONTROL NUMBER
System control number (DNLM)101136695
040 ## - CATALOGING SOURCE
Original cataloging agency DNLM/DLC
Transcribing agency DLC
Modifying agency DLC
041 ## - LANGUAGE CODE
Language code of text/sound track or separate title eng
042 ## - AUTHENTICATION CODE
Authentication code pcc
060 10 - NATIONAL LIBRARY OF MEDICINE CALL NUMBER
Classification number WS 100
Item number S257 2002
080 ## - UNIVERSAL DECIMAL CLASSIFICATION NUMBER
Universal Decimal Classification number 618.92 fin
082 00 - DEWEY DECIMAL CLASSIFICATION NUMBER
Classification number 618.92 fin
Edition number 21
100 ## - Rafti
Rafti 8
101 ## - Shkurtesa
Shkurtesa ped
245 00 - TITLE STATEMENT
Title Saunders manual of pediatric practice /
Statement of responsibility, etc [edited by] Laurence Finberg, Ronald E. Kleinman.
246 3# - VARYING FORM OF TITLE
Title proper/short title Manual of pediatric practice
504 ## - BIBLIOGRAPHY, ETC. NOTE
Bibliography, etc Includes bibliographical references and index.
906 ## - LOCAL DATA ELEMENT F, LDF (RLIN)
a 7
b cbc
c orignew
d 1
e ocip
f 20
g y-gencatlg
942 ## - ADDED ENTRY ELEMENTS (KOHA)
Source of classification or shelving scheme
Item type Books
Holdings
Withdrawn status Lost status Source of classification or shelving scheme Damaged status Not for loan Collection code Permanent location Current location Shelving location Date acquired Total Checkouts Full call number Barcode Date last seen Price effective from Koha item type
          Koleksioni i përgjithshem UBT - Lipjan UBT - Lipjan Koleksioni i përgjithshem 02/13/2018   618.92 fin 002-2999165 02/13/2018 02/13/2018 Books
UBT Library © 2015-2024. All rights reserved University Education for Business and Technology